000 01001nam a22003017a 4500
001 000382
003 DO-SdBNP
005 20171113100446.0
007 000382
008 160713b2008 mx ||||| |||| 00| 0 spa d
020 _a9789705803710
040 _aBPMSU
_bspa
_cBPMSU
082 4 _a791.430972
_bM754p
100 1 _aMonsiváis, Carlos,
_d1938-2010.
245 1 0 _aPedro Infante, las leyes del querer /
_cCarlos Monsiváis.
260 _aMéxico, D.F. :
_bAguilar,
_c2008.
300 _a278 p. :
_bil. ;
_c25 cm.
490 1 _aRaya en el agua
500 _aIncluye datos biográficos del autor en la solapa de la contracubierta.
600 1 4 _aINFANTE, PEDRO
_d1917-1957
650 4 _aACTORES Y ACTRICES CINEMATROGRÁTICOS
_zMÉXICO
650 4 _aACTORES Y ACTRICES CINEMATOGRÁFICOS
_vBIOGRAFÍAS
830 _aRaya en el agua
910 _aValidado. Control de calidad MFF
942 _2ddc
_cBK
945 _aInventariado, 2017/MFF
956 _2LOPEREZ
_310
_620160713
_8BPMSU
_a00041
999 _c10846
_d10846